Introduction to automata theory, languages and computation (Record no. 176157)

MARC details
000 -LEADER
fixed length control field 00441nam a2200145Ia 4500
008 - FIXED-LENGTH DATA ELEMENTS--GENERAL INFORMATION
fixed length control field 231217s9999 xx 000 0 und d
041 ## - LANGUAGE CODE
Language code of text/sound track or separate title English
082 ## - DEWEY DECIMAL CLASSIFICATION NUMBER
Classification number 001.6424 HOP
100 ## - MAIN ENTRY--PERSONAL NAME
Personal name Hopcroft, John E Motwani, Rajeev Ullman, Jeffrey D
245 #0 - TITLE STATEMENT
Title Introduction to automata theory, languages and computation
260 ## - PUBLICATION, DISTRIBUTION, ETC.
Date of publication, distribution, etc. 2001
Name of publisher, distributor, etc. Pearson
Place of publication, distribution, etc. Delhi
300 ## - PHYSICAL DESCRIPTION
Extent xiv+521
650 ## - SUBJECT ADDED ENTRY--TOPICAL TERM
Topical term or geographic name entry element automata,theory,,languages,computation
942 ## - ADDED ENTRY ELEMENTS (KOHA)
Koha item type Books
Holdings
Date last seen Total checkouts Full call number Accession number Price effective from Category Lost status Damaged status Department Withdrawn status Home library Current library Shelving location Entry date Vendor Grants Billnumber Billdate Currency symbol Conversion rate Discount Old discount Cost, total (INR) price Cost, normal purchase price
26/01/2024   001.6424 HOP 37905 26/01/2024 Books     Information Science   Central Library Central Library Information Science 21/09/2005 Publisher IS   09/03/2012 RS 1        
26/01/2024   001.6424 HOP 39896 26/01/2024 Books     CS   Central Library Central Library CS 30/12/2005 Book Paradise CS 809227 18/10/2004 RS 1 77.5 25 232.50 310.00
26/01/2024   001.6424 HOP;64 41597 26/01/2024 Books     Central Library   Central Library Central Library Central Library 02/05/2006 Publisher DONATED   28/01/2006 RS 1        

© For any Suggestions or Query, please contact the library staff @ librarian@pes.edu or Phone: +9180 2672 1983/ 2108.